Предпазване и първа помощ при поразяване от атомно оръжие (Запис номер 153467)
[ съкратено ]
| 000 -Лидер | |
|---|---|
| Контролно поле с фиксирана дължина | 01292nam a2200289 c 4500 |
| 003 - Код на организацията, давaща контролен номер | |
| Контролно поле | BLK |
| 005 - Дата и час на последна редакция | |
| Контролно поле | 20180420234059.0 |
| 008 - Елементи от данни с фиксирана дължина | |
| fixed length control field | 180410b bul|||||r ||||||| ||bul|| |
| 010 ## - Наследен системен номер | |
| LC control number | KNG00159997000 |
| 040 ## - Източник на каталожния запис | |
| Идентификатор на билиотеката - собственик на записа | BLK |
| 041 ## - Код за език | |
| Код за езика на текст/звукозапис или на отделно заглавие | Български |
| Код за езика КДБФ | Български |
| 080 ## - УДК | |
| Текстов определител УДК | Мерки за опазване на цивилното население във военно време. Организация. Военно обучение. Въздушна отбрана. Гражданска отбрана. Вж и 355.244 |
| УДК код - определител по УДК | 355.58 |
| УДК определител | |
| УДК - код + определител | 355.58 |
| 100 1# - Редна дума - Автор | |
| Автор | Буков, Анастас Хр. |
| Авторска отговорност | първи автор |
| R(LIN) | 332122 |
| 139 ## - Редно поле | |
| Редна дума | Буков, Анастас Хр. |
| Авторски знак | Бук - Б 85 |
| 245 10 - Сведения за заглавието | |
| Заглавие | Предпазване и първа помощ при поразяване от атомно оръжие |
| Редно поле (дума) | Анастас Хр. Буков. |
| 257 ## - Страна на издаване | |
| Страна на създаване/издаване | България |
| 260 ## - Област на издателските данни | |
| -- | София |
| Име на издателя, разпространителя и проч. | Държ. воен. изд. |
| Година на издаване | 1957 |
| 300 ## - Физическа характеристика | |
| Страници | 96 с. |
| Илюстрации и др. | с ил. |
| Размери/Мащаб | 17 см |
| 380 ## - Жанр | |
| Жанр | Обществени науки |
| 490 1# - СЕРИИ (Колекции) | |
| Име на серия | Научно-популярна военна библиотека |
| 500 ## - Общи забележки | |
| Забележка | 5000 тир. |
| 852 ## - Местоположение | |
| Форматна сигнатура | Цб І 1006 |
| 856 4# - Електронен адрес и достъп | |
| Електронен формат | pdf - файл |
| Път до файла /url/ | |
| 856 4# - Електронен адрес и достъп | |
| Електронен формат | pdf - файл |
| Път до файла /url/ | |
| 942 ## - АРТИКУЛИ | |
| Вид на библиотечния материал | Книги |
| Скрит в OPAC | Не |
| 944 ## - СЪЗДАВАНЕ И РЕДАКЦИЯ на ЗАПИСА | |
| Създаване/Редакция | Създаване |
| Дата на регистрацията/редакция | 17.04.2014 |
| Статус, дата на статуса | 17.04.2014 - от С1,Р / 17.04.2014 |
| Служител, извършил регистрацията/редакцията | Правда_Бадева |
| 944 ## - СЪЗДАВАНЕ И РЕДАКЦИЯ на ЗАПИСА | |
| Създаване/Редакция | Редакция |
| Дата на регистрацията/редакция | 17.04.2014 |
| Статус, дата на статуса | 17.04.2014 - от С1,Р / 17.04.2014 |
| Служител, извършил регистрацията/редакцията | |
| 999 ## - СИСТЕМНИ КОНТРОЛНИ НОМЕРА | |
| Koha biblionumber | 153467 |
| Koha biblioitemnumber | 153467 |
| Код за отписване | Код за изгубен артикул | Източник на класификационната схема | Код за повреда | Коз за рестрикции | Код за отдаване | Артикулен № | Име на библиотеката - собственик | Име на библиотеката, в която се намира в момента | Статус (Текущо местоположение) | Дата на вписване в системата | Местоположение - отдел | Цена в лева | Инвентарен номер | Систематично азбучна сигнатура | Баркод | Номер на екземпляра | Цена в евро | Служебна бележка | Служебен тип на артикула |
|---|---|---|---|---|---|---|---|---|---|---|---|---|---|---|---|---|---|---|---|
| Не е изгубен | Universal Decimal Classification | Не е повреден | без рестрикции | ползва се в читалня | 257104 | Регионална библиотека "Любен Каравелов" Русе | Регионална библиотека "Любен Каравелов" Русе | Хранилище | 1957-01-01 | Основен фонд - ползва се само за читалня | 0.15 | 2047/57 | Цб І 1006 | 900000023192 | 1 | 0.08 | N: стар фонд Дата: 01.01.1957 | Книги |